000
00295nam a2200121Ia 4500
008
231221s9999 xx 000 0 und d
041
_a
English
100
_a
Eckel, Bruce
245
0
_a
Thinking in Java [electronic resource : book]
260
_c
2004
650
_a
Thinking,Java
942
_c
DL
999
_c
203945
_d
203945